000 00227nam a22000857a 4500
008 160831b xxu||||| |||| 00| 0 eng d
100 _9280
_aAneja O.P
245 _aHow to play badminton
260 _aNew Delhi
_bPrerna publication
_c2012
999 _c2938
_d2938